000
00323nam a22001457a 4500
008
230516b ||||| |||| 00| 0 eng d
020
_a
9781111522483
041
_a
eng
080
_2
SECTION 1
_a
82
082
_a
82STE
100
_a
38
101
_a
EDU
245
_a
THEATRE APPRECIATION
_c
STEPHENS .J
942
_2
udc
_c
BK
999
_c
59730
_d
59730